000 01349nam a2200277 i 4500
001 159202
003 ES-MaACL
005 20251103210643.0
008 950111s1887 sp |||| | spa d
100 1 _aMaurenbrecher, Wilhelm,
_d1838-1892
_9129741
245 1 0 _aEstudios sobre Felipe II /
_cpor G. Maurenbrecher, M. Philippson y C. Justi ; traducidos del alemán por Ricardo de Hinojosa.
260 _aMadrid :
_b[s.n.],
_c1887 (
_fEstab. Tip. de Ricardo Fe)
300 _aXXI, 309 p. ;
_c21 cm.
500 _aApéndice documental.
505 8 _aContiene: La educacion de Felipe II / G. Maurenbrecher. Felipe II y el Pontificado / Martin Philippson. El príncipe D. Carlos / G. Maurenbrecher. Felipe II como amante de las bellas artes / C. Justi
530 _aDisponible en formato digital.
600 0 4 _aFelipe
_bII,
_cRey de España
_949175
600 1 4 _aAustria, Carlos de,
_cPríncipe de Asturias,
_d1545-1568
_923963
651 4 _aEspaña-
_xHistoria-
_y1556-1598, Felipe II.
_98218
700 1 2 _aPhilippson, Martin,
_d1846-1916
_9131111
700 1 2 _aJusti, Carl (
_d1832-1912)
_967357
700 1 _aHinojosa y Naveros, Ricardo de,
_d1860-1919
_963776
852 _aES-MaACL
_jC-720
_z- Enc. hol.
856 _uhttp://bdh-rd.bne.es/viewer.vm?id=0000245486&page=1
_zBiblioteca Digital Hispánica
999 _c159202
_d159202